Дело о применении к лицам, состоящим на службе по Министерству народного просвещения в районах крепостей высочайше утвержденного...

Доступно только в Электронных читальных залах Найти на картеНа карте
RUSMARC
00003751nmc2a22002413x 450
001926c77c4-30f7-4e8a-a255-d5c977856cd4
00520220112194125.0
100##$a20210817l18921892k l0rusy0189 ca
1010#$arus
102##$aRU
105##$ay###
1222#$ad
2001#$aДело о применении к лицам, состоящим на службе по Министерству народного просвещения в районах крепостей высочайше утвержденного 24 мая 1888 года расписания об иноверцах
$j7 августа - 26 сентября 1892 г.
215##$a15 л.
$d36,5х26 см
251##$cДело
300##$aДело
371##$aДокумент не является опубликованным и широко распространяемым
461#0$1001a74412a3-3cc5-4d21-8f0a-dfe2fbd9e72d
$12001
$aДепартамент народного просвещения Министерства народного просвещения
$1251
$cФонд
$1852
$j733
462#0$1001b33464f2-4bc4-41e3-b4bc-525e855f0eb0
$12001
$aДела разряда общих дел Министерства народного просвещения
$1251
$cОпись
$1852
$j194
801#0$aRU
$bРГИА
$c20210817
$gRCR
801#1$aRU
$bГлавНИВЦ
$c20210817
$2rusmarc
801#2$aRU
$bПБ им. Б.Н. Ельцина
$c20220112
$gRCR
$2rusmarc
850##$aРГИА
852##$aРГИА
$eФедеральное казенное учреждение "Российский государственный исторический архив" (РГИА)
$j1364
937##$hРГИА
$d12369940
$aASBIBLIO_SCAN
035##$aRusGRCC00034731
856##$uhttp://readingroom.main.prlib.ru/item.aspx?id_node=n172460387&mode=full
Формат отображения